000 00751nam a2200229Ia 4500
003 GCL
008 140319s9999 xx 000 0 ara d
040 _aGCL /
_cGCL
082 0 4 _a110
_bك م
100 1 _aعبدالرحمن بدوى
245 1 0 _aمقدمة لكل ميتافيزيقيا مقبلة يمكن ان تصبر علما /
_cعبدالرحمن بدوى
700 1 _aكنت, امانويل
700 1 _aنازلى اسماعيل حسين
300 _a239 ص
490 _aالمكتبة العربية
_v0
650 0 4 _aعلم النفس
650 0 4 _aالميتافيزيقا
650 0 4 _aاللاهوت - علم
650 0 4 _aما وراء الطبيعة, علم
650 0 4 _aالكونيات، علم
942 _2ddc
_cBK
999 _c50585
_d50585